Central Library OPAC University of Rajshahi

Sodium : (Record no. 10515)

MARC details
000 -LEADER
fixed length control field 00924nam a2200277 a 4500
001 - CONTROL NUMBER
control field 10515
003 - CONTROL NUMBER IDENTIFIER
rucl marc code BD-RjUL
005 - DATE AND TIME OF LATEST TRANSACTION
control field 20211208234952.0
008 - FIXED-LENGTH DATA ELEMENTS--GENERAL INFORMATION
fixed length control field 140123r19571956nyua 001 0 eng
035 ## - SYSTEM CONTROL NUMBER
System control number (BD-RjUL)10563
System control number (BD-RjUL)
040 ## - CATALOGING SOURCE
Original cataloging agency WASPW
Language of cataloging eng
Transcribing agency WASPW
041 ## - LANGUAGE CODE
Language code of text/sound track or separate title eng
082 04 - DEWEY DECIMAL CLASSIFICATION NUMBER
Classification number 661.133
Author mark and year SIS 1957
100 1# - MAIN ENTRY--PERSONAL NAME
Personal name Sittig, Marshall.
9 (RLIN) 32486
245 10 - TITLE STATEMENT
Title Sodium :
Remainder of title its manufacture, properties, and uses. With a chapter on the physical and thermodynamic properties of sodium /
Statement of responsibility, etc. by George Wm. Thomson and Edward Garelis.
260 ## - PUBLICATION, DISTRIBUTION, ETC. (IMPRINT)
Place of publication, distribution, etc. New York :
Name of publisher, distributor, etc. Reinhold Pub. Corp.,
Date of publication, distribution, etc. 1956 [Printing 1957].
300 ## - PHYSICAL DESCRIPTION
Pagination 529 p. :
Illustrations illus. ;
Size 24 cm.
410 20 - SERIES STATEMENT/ADDED ENTRY--CORPORATE NAME [OBSOLETE, CAN/MARC], [LOCAL, USA]
Corporate name or jurisdiction name as entry element American Chemical Society.
Title of a work Monograph series ;
Volume number/sequential designation no. 133
504 ## - BIBLIOGRAPHY, ETC. NOTE
Bibliography, etc Includes index.
650 #0 - SUBJECT ADDED ENTRY--TOPICAL TERM
Topical term or geographic name as entry element Sodium.
9 (RLIN) 31293
710 2# - ADDED ENTRY--CORPORATE NAME
Corporate name or jurisdiction name as entry element American Chemical Society.
9 (RLIN) 32487
942 ## - ADDED ENTRY ELEMENTS (KOHA)
Source of classification or shelving scheme Dewey Decimal Classification
Koha item type Books
Holdings
Lost status Source of classification or shelving scheme Damaged status Not for loan Collection code Permanent Location Current Location Shelving location Date acquired Source of acquisition Cost, normal purchase price Total Checkouts Full call number Date last seen Copy number Koha item type
  Dewey Decimal Classification   Not For Loan Non-fiction Central Library, University of Rajshahi Central Library, University of Rajshahi Reading Room 07/01/1973 Book Centre 112.50   661.133 SIS 1957 23/01/2014 C-1 Books